THE MAGIC PAINTBRUSH / (رقم التسجيلة. 144402)

تفاصيل مارك
000 -الفاتح
عناصر البيانات ثابتة الطول 00512cam a22001937i 4500
005 - تاريخ ووقت آخر معاملة
حقل ضبط 20260125112840.0
008 - عناصر البيانات ثابتة الطول
عناصر البيانات ثابتة الطول 250721s ii cr 000 j eng d
020 ## - الترقيم الدولي المعياري للكتب (ردمك)
الترقيم الدولي المعياري للكتب (ردمك) 9789389504040
082 14 - رقم تصنيف ديوي العشري
رقم التصنيف F
رقم المادة M A G
245 04 - بيان العنوان
العنوان THE MAGIC PAINTBRUSH /
264 31 - بيانات النشر، التوزيع…إلخ
مكان النشر، التوزيع...إلخ DELHI :
اسم الناشر، الموزع...إلخ MANOJ PUBLICATIONS،
تاريخ النشر، التوزيع...إلخ [20--].
300 ## - الوصف المادي
عدد الوحدات المكونة للوعاء 16 page.
490 1# - بيان السلسلة
عنوان السلسلة Sawan.
650 17 - مدخل إضافي بالموضوع - مصطلح موضوعي
مصطلح موضوعي أو اسم جغرافي كعنصر مدخل Fiction.
653 ## - رأس موضوع – غير مقيد
المصطلح / رأس الموضوع غير المقيد اطفال مرحلة متوسطة(6-9)سنوات.
830 #0 - مدخل إضافي بالسلسلة-عنوان مقنن
عنوان السلسلة Sawan.
942 ## - بيانات إضافية (كوها)
نوع التنصيف Dewey Decimal Classification
نوع المادة (كوها) كتب
المقتنيات
حالة السحب حالة الفقدان مصدر التصنيف حالة التلف غير قابل للإعارة المكتبة الرئيسية المكتبة الحالية موقع الرف تاريخ التزويد رقم المخزون Total Checkouts رقم الإستدعاء الباركود تاريخ آخر ظهور تاريخ الفاتورة نوع المادة (كوها) مصدر التزويد العملة التكلفة، سعر الشراء العادي التكلفة وسعر الاستبدال
    Dewey Decimal Classification     المكتبة المركزية المكتبة المركزية الأطفال 28/07/2025 1769370   J/F/MAG PLD00502052 28/07/2025 28/07/2025 كتب        
    Dewey Decimal Classification     المكتبة المركزية المكتبة المركزية الأطفال 28/12/2023 1783153   J/F/MAG PLD00507282 28/07/2025 28/12/2023 كتب        
    Dewey Decimal Classification     المكتبة المركزية المكتبة المركزية الأطفال 22/01/2026 1799978   J / F / M A G PLD00929810 22/01/2026 22/01/2026 كتب 83 JOD 1.63 2.50
    Dewey Decimal Classification     مكتبة البشائر للأطفال مكتبة البشائر للأطفال الأطفال 22/01/2026 1799981   J / F / M A G PLD00929813 22/01/2026 22/01/2026 كتب 83 JOD 1.63 2.50
    Dewey Decimal Classification     مكتبة أم المؤمنين للأطفال مكتبة أم المؤمنين للأطفال الأطفال 28/12/2023 1783155   J/F/MAG PLD00507284 28/07/2025 28/12/2023 كتب        
    Dewey Decimal Classification     مكتبة البيادر مكتبة البيادر الأطفال 28/12/2023 1783154   J/F/MAG PLD00507283 28/07/2025 28/12/2023 كتب        
    Dewey Decimal Classification     مكتبة الراية الهاشمية للأطفال مكتبة الراية الهاشمية للأطفال الأطفال 22/01/2026 1799982   J / F / M A G PLD00929814 22/01/2026 22/01/2026 كتب 83 JOD 1.63 2.50
    Dewey Decimal Classification     مكتبة الياسمين للأطفال مكتبة الياسمين للأطفال الأطفال 22/01/2026 1799980   J / F / M A G PLD00929812 22/01/2026 22/01/2026 كتب 83 JOD 1.63 2.50
    Dewey Decimal Classification     مكتبة بدر للأطفال مكتبة بدر للأطفال الأطفال 22/01/2026 1799979   J / F / M A G PLD00929811 22/01/2026 22/01/2026 كتب 83 JOD 1.63 2.50
Implemented & Customized by: BBB with SCIT (Smart Chains for Information Technology)

Powered by Koha